Atlanta Braves - General Knowledge - Statistics

General Stats
  • This quiz has been taken 85 times
    76 since last reset
  • The average score is 8 of 10
Answer Stats
Hint Answer % Correct
What division are the Braves in? NL East
98%
How many World Series titles do they have? 4
97%
What year did Ronald Acuña Jr. join the 40/40 club? 2023
94%
Who did they play in the 2021 World Series? Astros
94%
On Opening Day 2024, who was their starting pitcher? Spencer Strider
81%
What field do the Braves play at? Truist Park
78%
On Opening Day 2023, who was their starting pitcher? Max Fried
77%
Did they win or lose? Lose
58%
What year did they win their very first World Series? 1914
39%
When were the Braves founded? 1871
34%
No matching quizzes found
Score Distribution
Percent of People with Each Score
Percentile by Number Answered
Your Score History
You have not taken this quiz since the last reset